[Event "Caribbean-ch U18"]
[Site "San Salvador"]
[Date "2021.11.27"]
[Round "8"]
[White "Espitia Torres, Mateo"]
[Black "Haynes, Aaron"]
[Result "1-0"]
[WhiteElo "1744"]
[BlackElo "1446"]
[PlyCount "135"]
[EventDate "2021.11.27"]
[EventType "tourn"]
[EventRounds "9"]
[EventCountry "ESA"]
[SourceTitle "EXT 2023"]
[Source "ChessBase"]
[SourceDate "2022.10.05"]
[SourceVersion "1"]
[SourceVersionDate "2022.10.05"]
[SourceQuality "1"]
[WhiteTeam "Costa Rica"]
[BlackTeam "Barbados"]
[WhiteTeamCountry "CRI"]
[BlackTeamCountry "BAR"]

1. e4 c5 2. Nf3 g6 3. c3 Bg7 4. d4 cxd4 5. cxd4 d5 6. e5 Nh6 7. Nc3 0-0 8. Bd3 Nc6 9. Qb3 Bf5 10. Bxh6 Bxd3 11. Bxg7 Kxg7 12. Qxd5 Qxd5 13. Nxd5 Be4 14. Ne3 Bxf3 15. gxf3 Nxd4 16. f4 f6 17. Rd1 fxe5 18. fxe5 Nf3+ 19. Ke2 Nxe5 20. Rd5 Nc6 21. Rd7 Rab8 22. Rhd1 Rfd8 23. b4 b5 24. Rc7 Rbc8 25. Rxc6 Rxc6 26. Rxd8 Ra6 27. Rd2 Ra4 28. Rb2 Ra3 29. Kd2 h5 30. Rc2 e6 31. Kc1 Ra6 32. Kb2 Kf6 33. Rc5 Rd6 34. Kc3 a6 35. f4 Rb6 36. Nc2 Rd6 37. Nd4 Rb6 38. Rc6 Rxc6+ 39. Nxc6 Kf5 40. Ne5 g5 41. Nd3 g4 42. Kd4 h4 43. Ke3 g3 44. hxg3 hxg3 45. Kf3 g2 46. Kxg2 Ke4 47. Nc5+ Kxf4 48. Nxa6 Ke5 49. Nc7 Kd4 50. Nxb5+ Kc4 51. a3 Kxb5 52. Kf3 e5 53. Ke4 Ka4 54. Kxe5 Kb5 55. Kd5 Kb6 56. a4 Ka6 57. Kc5 Kb7 58. b5 Ka7 59. a5 Kb7 60. b6 Kb8 61. Kc6 Ka8 62. a6 Kb8 63. a7+ Ka8 64. b7+ Kxa7 65. Kc7 Ka6 66. b8Q Ka5 67. Qb3 Ka6 68. Qa4# 1-0

[Event "Caribbean-ch U18"]
[Site "San Salvador"]
[Date "2021.11.27"]
[Round "4"]
[White "Pastor Carvajal, Jeigoth"]
[Black "Espitia Torres, Mateo"]
[Result "1-0"]
[WhiteElo "1762"]
[BlackElo "1744"]
[PlyCount "81"]
[EventDate "2021.11.27"]
[EventType "tourn"]
[EventRounds "9"]
[EventCountry "ESA"]
[SourceTitle "EXT 2023"]
[Source "ChessBase"]
[SourceDate "2022.10.05"]
[SourceVersion "1"]
[SourceVersionDate "2022.10.05"]
[SourceQuality "1"]
[WhiteTeam "Costa Rica"]
[BlackTeam "Costa Rica"]
[WhiteTeamCountry "CRI"]
[BlackTeamCountry "CRI"]

1. e4 e5 2. Nf3 Nc6 3. Nc3 Nf6 4. Bb5 d6 5. Bxc6+ bxc6 6. d4 exd4 7. Nxd4 c5 8. Nde2 Rb8 9. 0-0 Be7 10. Rb1 Ba6 11. Re1 0-0 12. Ng3 g6 13. Bh6 Re8 14. Qf3 Nd7 15. Nf5 Bf6 16. Ne3 Rxb2 17. Ng4 Rxc2 18. Nd5 Bg7 19. Bxg7 Kxg7 20. Qf4 g5 21. Qg3 Re2 22. Qh3 h5 23. Nge3 Nf6 24. Nf5+ Kg6 25. Nh4+ Kg7 26. Nf5+ Kg6 27. Nfe7+ Kg7 28. Qc3 Qxe7 29. Nxe7 Rxe1+ 30. Rxe1 Rxe7 31. e5 Nd5 32. Qa1 Kg6 33. exd6 cxd6 34. Qb1+ f5 35. Rxe7 Nxe7 36. Qb8 Nc8 37. Qc7 c4 38. Qc6 Nb6 39. Qxd6+ Kf7 40. Qc7+ Ke6 41. Qxa7 1-0

[Event "Caribbean-ch U18"]
[Site "San Salvador"]
[Date "2021.11.27"]
[Round "7"]
[White "Wilson, Louis"]
[Black "Espitia Torres, Mateo"]
[Result "0-1"]
[WhiteElo "1529"]
[BlackElo "1744"]
[PlyCount "149"]
[EventDate "2021.11.27"]
[EventType "tourn"]
[EventRounds "9"]
[EventCountry "ESA"]
[SourceTitle "EXT 2023"]
[Source "ChessBase"]
[SourceDate "2022.10.05"]
[SourceVersion "1"]
[SourceVersionDate "2022.10.05"]
[SourceQuality "1"]
[WhiteTeam "Barbados"]
[BlackTeam "Costa Rica"]
[WhiteTeamCountry "BAR"]
[BlackTeamCountry "CRI"]

1. e4 e5 2. Nf3 Nc6 3. d4 exd4 4. Bc4 h6 5. 0-0 Bc5 6. c3 d3 7. Qxd3 Nge7 8. Bxf7+ Kxf7 9. Qc4+ d5 10. Qxc5 dxe4 11. Ne5+ Nxe5 12. Qxe5 Bf5 13. Bf4 g5 14. Bg3 c6 15. c4 Qd7 16. Nc3 Ng6 17. Qa5 b6 18. Qa4 Nf4 19. Rad1 Nd3 20. Qc2 Rad8 21. f3 Qd4+ 22. Kh1 e3 23. Ne4 Kg6 24. Be5 Nf2+ 25. Nxf2 Qxe5 26. Ne4 Rhe8 27. Rxd8 Rxd8 28. Qe2 Qd4 29. h3 Bxe4 30. fxe4 Qxe4 31. Rf3 Rd3 32. Qf1 Rd6 33. Qe2 Re6 34. b3 Qd4 35. Qc2+ Re4 36. Qe2 c5 37. Kg1 Qa1+ 38. Rf1 Qc3 39. Qf3 Rf4 40. Qc6+ Qf6 41. Qe8+ Kg7 42. Qd7+ Qf7 43. Qxf7+ Kxf7 44. Re1 Re4 45. Kf1 Ke6 46. Ke2 Ke5 47. Kd3 Rd4+ 48. Kxe3 Re4+ 49. Kf2 Rxe1 50. Kxe1 h5 51. g3 a6 52. a3 g4 53. h4 b5 54. cxb5 axb5 55. a4 bxa4 56. bxa4 Kd5 57. a5 Kc6 58. Kd2 Kb5 59. Ke3 Kxa5 60. Kf4 c4 61. Kg5 c3 62. Kxh5 c2 63. Kxg4 c1Q 64. Kh5 Qc5+ 65. Kg4 Qc4+ 66. Kh5 Qf7+ 67. Kg5 Qg7+ 68. Kf4 Qf6+ 69. Kg4 Kb5 70. h5 Kc5 71. Kh3 Qg5 72. g4 Kd5 73. Kg3 Ke4 74. Kh3 Kf3 75. h6 0-1

[Event "World Cup U18 Prel"]
[Site "Tornelo INT"]
[Date "2021.08.19"]
[Round "8"]
[White "Brozel, Sacha"]
[Black "Espitia Torres, Mateo"]
[Result "1-0"]
[WhiteElo "2125"]
[BlackElo "1744"]
[PlyCount "109"]
[EventDate "2021.08.16"]
[EventType "swiss (rapid)"]
[EventRounds "10"]
[EventCountry "NET"]
[SourceTitle "CBM 203 Extra"]
[Source "ChessBase"]
[SourceDate "2021.09.30"]
[SourceVersion "1"]
[SourceVersionDate "2021.09.30"]
[SourceQuality "1"]

1. g3 e5 2. c4 f5 3. Nc3 Nf6 4. Nf3 Nc6 5. d4 e4 6. Nh4 d5 7. Bg5 Bb4 8. e3 0-0 9. Qb3 Be6 10. Ng2 dxc4 11. Bxc4 Bxc4 12. Qxc4+ Qd5 13. Qe2 Qa5 14. 0-0 Bxc3 15. Qc4+ Kh8 16. bxc3 Qd5 17. Qe2 Qf7 18. Bxf6 Qxf6 19. Rab1 b6 20. f3 Rae8 21. Rb5 a6 22. Rd5 Qe6 23. Nf4 Qf7 24. fxe4 Rxe4 25. g4 Rxf4 26. Rxf4 Qxd5 27. c4 Qd7 28. gxf5 Rxf5 29. Qg4 Ne7 30. d5 Qc8 31. Re4 Rf8 32. Qh5 Ng6 33. Re6 Rf6 34. Re4 Qf8 35. Qg4 Rf1+ 36. Kg2 Qf2+ 37. Kh3 Qf3+ 38. Qxf3 Rxf3+ 39. Kg4 Rf8 40. h4 Kg8 41. h5 Nh8 42. Re7 Rf7 43. Re6 Kf8 44. c5 Re7 45. cxb6 Rxe6 46. bxc7 Re8 47. d6 Kf7 48. d7 Re4+ 49. Kf5 Re6 50. d8Q g6+ 51. Kf4 gxh5 52. Qxh8 h4 53. c8Q Re7 54. Qhf8+ Kg6 55. Qg4# 1-0

[Event "World Cup U18 Prel"]
[Site "Tornelo INT"]
[Date "2021.08.17"]
[Round "4"]
[White "Alvarez Mejia, Yeremy Melvin"]
[Black "Espitia Torres, Mateo"]
[Result "0-1"]
[WhiteElo "1275"]
[BlackElo "1744"]
[PlyCount "112"]
[EventDate "2021.08.16"]
[EventType "swiss (rapid)"]
[EventRounds "10"]
[EventCountry "NET"]
[SourceTitle "CBM 203 Extra"]
[Source "ChessBase"]
[SourceDate "2021.09.30"]
[SourceVersion "1"]
[SourceVersionDate "2021.09.30"]
[SourceQuality "1"]

1. e4 e5 2. Nf3 Nc6 3. Bc4 Bc5 4. 0-0 d6 5. h3 f5 6. exf5 Bxf5 7. Nc3 Nge7 8. Nd5 Qd7 9. Nxe7 Nxe7 10. a3 Rf8 11. b4 Bb6 12. a4 Bxh3 13. Ng5 Bg4 14. Qe1 h6 15. Ne4 d5 16. a5 Bd4 17. c3 dxe4 18. Qxe4 0-0-0 19. cxd4 Qxd4 20. Qxd4 Rxd4 21. d3 Be2 22. Bb2 Rdf4 23. Bxe5 Bxf1 24. Bxf4 Bxg2 25. Bxc7 Kxc7 26. Kxg2 Nc6 27. b5 Ne5 28. Re1 Nxc4 29. dxc4 Rf7 30. Rd1 Rf4 31. Rc1 Kd6 32. c5+ Kd7 33. c6+ bxc6 34. bxc6+ Kc7 35. Kg3 Rf5 36. a6 Ra5 37. Rb1 Kxc6 38. Rb7 Rxa6 39. Rxg7 Kb5 40. Rb7+ Kc6 41. Rh7 Kb5 42. Rb7+ Kc5 43. Rh7 Kb5 44. Kh4 Ka4 45. Re7 Kb3 46. f4 Ra4 47. Kh5 Rxf4 48. Rxa7 Rf6 49. Rh7 Kc4 50. Rxh6 Rf4 51. Kg5 Rf1 52. Rh4+ Kd5 53. Rh5 Ke5 54. Kg6+ Ke6 55. Rh8 Rg1+ 56. Kh7 Kf7 0-1

[Event "Pan American-ch U14"]
[Site "San Jose"]
[Date "2017.07.05"]
[Round "7"]
[White "Espitia Torres, Mateo"]
[Black "Ojeda Venegas, Tomas Fernando"]
[Result "0-1"]
[WhiteElo "1418"]
[BlackElo "1976"]
[PlyCount "130"]
[EventDate "2017.07.01"]
[EventType "swiss"]
[EventRounds "9"]
[EventCountry "CRI"]
[SourceTitle "EXT 2022"]
[Source "ChessBase"]
[SourceDate "2021.10.06"]
[SourceVersion "1"]
[SourceVersionDate "2021.10.06"]
[SourceQuality "1"]

1. e4 c5 2. Nf3 a6 3. c3 d6 4. Be2 g6 5. 0-0 Bg7 6. d4 Nd7 7. Be3 Ngf6 8. Qc2 0-0 9. Nbd2 b6 10. b4 Qc7 11. Rab1 cxd4 12. Nxd4 Bb7 13. Bd3 d5 14. c4 dxe4 15. Nxe4 Ng4 16. Ng3 Nxe3 17. fxe3 Ne5 18. Be2 h5 19. c5 Rac8 20. c6 Nxc6 21. Nxc6 Qxc6 22. Qxc6 Rxc6 23. Bf3 Rc7 24. Rbc1 Rfc8 25. Rxc7 Rxc7 26. Bxb7 Rxb7 27. Rc1 Rd7 28. Nf1 a5 29. bxa5 bxa5 30. Rc5 Ra7 31. Nd2 e6 32. a4 Bf8 33. Rb5 Bb4 34. Nc4 Kf8 35. Kf2 Ke7 36. Ne5 Rc7 37. Nd3 Bc3 38. Nc5 f5 39. Kf3 g5 40. g3 g4+ 41. Kf4 Kf6 42. Ne4+ fxe4 43. Rxh5 e5+ 44. Kxg4 Rg7+ 45. Kh4 Bd2 46. Rh6+ Rg6 47. Rh8 Bxe3 48. Ra8 Bd2 49. Ra6+ Kf7 50. Rxg6 Kxg6 51. Kg4 e3 52. Kf3 Kf5 53. h3 e4+ 54. Ke2 Ke5 55. Kd1 Kd4 56. Ke2 Bb4 57. h4 Be7 58. Ke1 Kd3 59. h5 Bb4+ 60. Kf1 e2+ 61. Kg2 e1Q 62. h6 Qe2+ 63. Kg1 Bc5+ 64. Kh1 Qf2 65. h7 Qg1# 0-1